00583nam a2200145Ia 4500008004100000100002400041245012400065245003800189260005900227650001800286650001500304856002600319999001900345952007300364170221s9999 xx 000 0 und d aIbrahim, Bahaeldin. aCollege Radio as a Mechanism for Participatory Learning: Exploring Scope for Radio Based Learning among Undergraduates  cBahaeldin Ibrahim, Naveen Mishra. bOnline Journal of Communication and Media Technologies xCommunication xMedia Arts uhttp://www.ojcmt.net/ c312416d312416 001040aCLbCLd2017-02-21l0r2017-02-21 00:00:00w2017-02-21yFOJ